Kutab Khana / (Record no. 526711)
[ view plain ]
| 000 -LEADER | |
|---|---|
| fixed length control field | 00519nam a22001937a 4500 |
| 003 - CONTROL NUMBER IDENTIFIER | |
| control field | NUST |
| 005 - DATE AND TIME OF LATEST TRANSACTION | |
| control field | 20190715094625.0 |
| 008 - FIXED-LENGTH DATA ELEMENTS--GENERAL INFORMATION | |
| fixed length control field | 190715b ||||| |||| 00| 0 eng d |
| 038 ## - RECORD CONTENT LICENSOR | |
| Staff Name | Faiza |
| 082 ## - DEWEY DECIMAL CLASSIFICATION NUMBER | |
| Classification number | 020.4 |
| Author Mark | ABI |
| 100 ## - MAIN ENTRY--PERSONAL NAME | |
| Personal name | Abidi, Raza Ali |
| 9 (RLIN) | 17705 |
| 245 ## - TITLE STATEMENT | |
| Title | Kutab Khana / |
| Statement of responsibility, etc. | Raza Ali Abidi |
| 260 ## - PUBLICATION, DISTRIBUTION, ETC. | |
| Place of publication, distribution, etc. | Lahore: |
| Name of publisher, distributor, etc. | Sang-E-Meel Publications , |
| Date of publication, distribution, etc. | 1994. |
| 300 ## - PHYSICAL DESCRIPTION | |
| Extent | 167p. ; |
| 500 ## - GENERAL NOTE | |
| General note | Hard Cover |
| 880 ## - ALTERNATE GRAPHIC REPRESENTATION | |
| Linkage | 100-01\r |
| Title | رضا علی عابدی |
| 880 ## - ALTERNATE GRAPHIC REPRESENTATION | |
| Linkage | 245-02\r |
| Title | /کتب خانہ |
| 942 ## - ADDED ENTRY ELEMENTS (KOHA) | |
| Source of classification or shelving scheme | |
| Koha item type | Book |
| Withdrawn status | Lost status | Source of classification or shelving scheme | Damaged status | Not for loan | Permanent Location | Current Location | Date acquired | Total Checkouts | Full call number | Barcode | Date last seen | Price effective from | Koha item type |
|---|---|---|---|---|---|---|---|---|---|---|---|---|---|
| Central Library (CL) | Central Library (CL) | 07/15/2019 | 020.4 ABI | CL-E-1313 | 07/15/2019 | 07/15/2019 | Book |
